000 01139nam a22003257a 4500
003 CHAP
005 20220817041325.0
008 971013s2012 mx r 00010 spa d
010 _a11260
011 _a12232
020 _a9789681852993
035 _a14560
040 _cCHAP
082 0 4 _a636.085
_bP64 2012
100 0 0 _aPond, Wilson G.
_990831
245 1 0 _aFundamentos de nutrición y alimentación de animales
_c/por W. G. Pond, D. C. Church y K.R. Pond
250 _a2 ed.
260 _aMéxico :
_bLimusa,
_c2012
300 _a635 p.
590 _aBATCH-UPD
_b10
_c20130110
_lUCH01
_h1546
590 _aBATCH-UPD
_b10
_c20130410
_lUCH01
_h0946
590 _aBATCH-UPD
_b10
_c20130914
_lUCH01
_h0929
590 _aCONVERSION
_b10
_c20130109
_lUCH01
_h1307
650 1 4 _aNutrición animal.
700 0 _aChurch, D.C.
_922991
700 1 _aPond, Kevin R.
_990830
901 _aBK
942 _cLIBRO
949 _a636.085 P64 2012
_bBC
_cLIBRO
_d33724002344215
_eLIBRO
_gSustituciØn
_h64031 sust.
_i14560
_mEste ejemplar sustituye a la copia 4 del bib. 64838 con tŁtulo AnatomŁa y fisiologŁa de los animales domesticos/R.D. Fradson
_sb
999 _c11260
_d11260